| 000 -LEADER |
| fixed length control field |
00489nam a22000977a 4500 |
| 008 - FIXED-LENGTH DATA ELEMENTS--GENERAL INFORMATION |
| fixed length control field |
171127b xxu||||| |||| 00| 0 eng d |
| 100 ## - MAIN ENTRY--AUTHOR'S NAME |
| Author's Name |
Legge, H. Dormer |
| 245 ## - TITLE STATEMENT |
| Title |
The Kangaroo Issues of Australian stamps |
| 260 ## - PUBLICATION, DISTRIBUTION, ETC. (IMPRINT) |
| Place of publication, distribution, etc. |
Melbourne |
| Name of publisher, distributor, etc. |
Orlo Smith & Co |
| Date of publication, distribution, etc. |
1950? |
| 650 ## - TOPICAL TERM (Tag) |
| Topical term or geographic name |
Australia | Definitive Issues | 1913-1948 | Kangaroo and Map Issues | Production | Postal Markings | Postal History | 1946 | Errors and Varieties | Plates and Plating | 20th Century | Stamps -- Histories | British Commonwealth |